000 00783nam a2200181 i 4500
001 133564
003 ES-MaACL
005 20230906194443.0
007 t|
008 070821s1887 xxu ||||1| eng d
100 1 _aStevenson, John James.
_9108167
245 1 2 _aA geological reconnaissance of bland, giles, wythe and portions of Pulaski and Montgomery counties of Virginia /
_cby John J. Stevenson.
260 _a[S.l. :
_bs.n.,
_c1887?]
300 _ap. 61-108, [1] h. pleg. de map. :
_bil. ;
_c23 cm.
500 _aEn port.: Read before the American Philosophical Society, march 18 th, 1887.
650 4 _aGeologĂ­a-
_zVirginia.
_9157302
852 _aES-MaACL
_jT-901-F-3
_z.- Legado de Federico de Botella y de Hornos
_z.- Enc. en un vol. facticio conservando la cub. original
999 _c133564
_d133564